000 00463 a2200145 4500
001 ART_3510
005 20260410161715.0
008 260409a
245 1 0 _aInsulina y economía política: el difícil arte de la política pública
100 1 _aBisang, Roberto
700 1 _aCogliati, Cristina
700 1 _aGroisman, Silvio
700 1 _aKatz, Jorge M.
773 0 _tDesarrollo económico
_g- Vol. 26, Nº 103 (oct./dic. 1986)
_wREV1174
999 _c16457
_d16457